00652nam a2200229 a 4500001001300000003000900013005001700022008004100039020002200080082001300102100002100115245002200136260003700158300001000195500003500205650001700240700002100257902000800278942000700286952011200293999001700405nice12345678IN_TiNIC20260116014149.0140525s1998 enga grp 000 0 eng  a8171093949 c4000a248bLAU aLauder, Robert E aYour Sacred Story aEngland bSt. Pauls Pubs. c1998 a103p  aincludes index and biblioraphy aSpirituality1 aLauder, Robert E bSRS cBK 001040708StackRoom-aHMIbHMId2014-05-25g40.00l0o248 LAUp024526r2014-05-25v40.00w2014-05-25yBK c14143d14143